书目信息 |
| 题名: |
圣光
|
|
| 作者: | 宋安娜 著 | |
| 分册: | ||
| 出版信息: | 天津 百花文艺出版社 1998.09 |
|
| 页数: | 207页 | |
| 开本: | 32开 | |
| 丛书名: | ||
| 单 册: | ||
| 中图分类: | I247.5 | |
| 科图分类: | ||
| 主题词: | 小说--中国 | |
| 电子资源: | ||
| ISBN: | 7-5306-2680-9 | |
| 000 | 00516nam0 2200193 45 | |
| 001 | 0011082082 | |
| 005 | 20001108201906.8 | |
| 010 | @a7-5306-2680-9@d9.00元 | |
| 100 | @a20001108d1998 km y0chiy0120 ea | |
| 101 | 0 | @achi |
| 105 | @a z 000yy | |
| 200 | 1 | @a圣光@ASheng Guang@f宋安娜 著@FSong An Na Zhu |
| 210 | @a天津@c百花文艺出版社@d1998.09 | |
| 215 | @a207页@d32开 | |
| 606 | 0 | @a小说@x中国 |
| 690 | @aI247.5@v3 | |
| 701 | 0 | @a宋安娜@4著 |
| 801 | @aCN@bPftUser@c20001108 | |
| 905 | @b213526-533@dI247.5@eS540@f8 | |
| 圣光/宋安娜 著.-天津:百花文艺出版社,1998.09 |
| 207页;32开 |
| ISBN 7-5306-2680-9:9.00元 |
| ● |
| 相关链接 |
|
|
|
正题名:圣光
索取号:I247.5/S540
 
预约/预借
| 序号 | 登录号 | 条形码 | 馆藏地/架位号 | 状态 | 备注 |
| 1 | 213526 | 202135260 | 社科二线422/422社科库 9排2列4层/ [索取号:I247.5/S540] | 在馆 | |
| 2 | 213527 | 202135279 | 社科二线422/422社科库 9排2列4层/ [索取号:I247.5/S540] | 在馆 | |
| 3 | 213528 | 202135288 | 社科二线422/422社科库 9排2列4层/ [索取号:I247.5/S540] | 在馆 | |
| 4 | 213529 | 202135297 | 社科二线422/422社科库 9排2列4层/ [索取号:I247.5/S540] | 在馆 | |
| 5 | 213530 | 202135304 | 社科二线422/422社科库 9排2列4层/ [索取号:I247.5/S540] | 在馆 | |
| 6 | 213531 | 202135313 | 社科二线422/422社科库 9排2列4层/ [索取号:I247.5/S540] | 在馆 | |
| 7 | 213532 | 202135322 | 社科二线422/422社科库 9排2列4层/ [索取号:I247.5/S540] | 在馆 | |
| 8 | 213533 | 202135331 | 社科二线422/422社科库 9排2列4层/ [索取号:I247.5/S540] | 在馆 |